header

Ophthalmology : (Record no. 146925)

MARC details
000 -LEADER
fixed length control field 03215nam a2200409 i 4500
001 - CONTROL NUMBER
control field ebr10806012
003 - CONTROL NUMBER IDENTIFIER
control field CaPaEBR
006 - FIXED-LENGTH DATA ELEMENTS--ADDITIONAL MATERIAL CHARACTERISTICS--GENERAL INFORMATION
fixed length control field m o d
007 - PHYSICAL DESCRIPTION FIXED FIELD--GENERAL INFORMATION
fixed length control field cr cn|||||||||
008 - FIXED-LENGTH DATA ELEMENTS--GENERAL INFORMATION
fixed length control field 110907t20122012njua obf 000 0 eng|d
020 ## - INTERNATIONAL STANDARD BOOK NUMBER
Cancelled/invalid ISBN 9781556427350 (pbk.)
International Standard Book Number 9781617116575 (e-book)
040 ## - CATALOGING SOURCE
Original cataloging agency CaPaEBR
Language of cataloging eng
Description conventions rda
-- pn
Transcribing agency CaPaEBR
035 ## - SYSTEM CONTROL NUMBER
System control number (OCoLC)874967944
050 14 - LIBRARY OF CONGRESS CALL NUMBER
Classification number RE46
Item number .O64 2012eb
082 04 - DEWEY DECIMAL CLASSIFICATION NUMBER
Classification number 617.7
Edition number 23
245 00 - TITLE STATEMENT
Title Ophthalmology :
Remainder of title clinical and surgical principles /
Statement of responsibility, etc [editedy by] Louis E. Probst, Julie H. Tsai, George Goodman.
264 #1 - PRODUCTION, PUBLICATION, DISTRIBUTION, MANUFACTURE, AND COPYRIGHT NOTICE
Place of production, publication, distribution, manufacture Thorofare, NJ :
Name of producer, publisher, distributor, manufacturer SLACK Incorporated,
Date of production, publication, distribution, manufacture, or copyright notice [2012]
Date of production, publication, distribution, manufacture, or copyright notice �2012
300 ## - PHYSICAL DESCRIPTION
Extent 1 online resource (546 pages) :
Other physical details color illustrations
336 ## - CONTENT TYPE
Content type term text
Source rdacontent
337 ## - MEDIA TYPE
Media type term computer
Source rdamedia
338 ## - CARRIER TYPE
Carrier type term online resource
Source rdacarrier
504 ## - BIBLIOGRAPHY, ETC. NOTE
Bibliography, etc Includes bibliographical references.
505 0# - FORMATTED CONTENTS NOTE
Formatted contents note section I. Basic sciences -- section II. Clinical sciences.
520 ## - SUMMARY, ETC.
Summary, etc "Ophthalmology: Clinical and Surgical Principles is a comprehensive, yet, accessible guide to medical and surgical ophthalmology that succinctly addresses the diagnosis and treatment of all major diseases of the eye. Louis E. Probst, Julie H. Tsai, and George Goodman, along with the 16 world expert subspecialty contributors, have organized the concise, clinically focused, and user-friendly chapters by subspecialty and include the indications, techniques, and complications of common ophthalmic surgical procedures. This attentive chapter organization reflects the way modern-day ophthalmology is practiced. Ophthalmology: Clinical and Surgical Principles delivers practical emphasis, allowing the reader to apply the information into a clinical setting. Residents will additionally benefit from the surgical options discussed for specific disorders. Features: - More than 400 high-quality diagrams, figures, and color photographs. - Diagrams, tables, and figures to facilitate comparisons and assimilation of the information. - References to provide a starting point for further study and research. - Study questions at the conclusion of each chapter to allow readers to test their knowledge and prepare for important examinations. Ophthalmology: Clinical and Surgical Principles is comprehensive and practical enough to be a complete resource for the ophthalmologist, ophthalmology resident, optometrist, as well as family physicians, medical students, and ophthalmic technician."--Provided by publisher.
588 ## - SOURCE OF DESCRIPTION NOTE
Source of description note Description based on print version record.
590 ## - LOCAL NOTE (RLIN)
Local note Electronic reproduction. Palo Alto, Calif. : ebrary, 2013. Available via World Wide Web. Access may be limited to ebrary affiliated libraries.
650 #0 - SUBJECT ADDED ENTRY--TOPICAL TERM
Topical term or geographic name as entry element Ophthalmology.
655 #0 - INDEX TERM--GENRE/FORM
Genre/form data or focus term Electronic books.
700 1# - ADDED ENTRY--PERSONAL NAME
Personal name Probst, Louis E.
Personal name Tsai, Julie H.
Personal name Goodman, George,
Titles and other words associated with a name OD.
776 08 - ADDITIONAL PHYSICAL FORM ENTRY
Display text Print version:
Title Ophthalmology : clinical and surgical principles.
Place, publisher, and date of publication Thorofare, NJ : SLACK Incorporated, [2012]
Physical description xiv, 525 pages
International Standard Book Number 9781556427350
Record control number (DNLM)101568729
-- (DLC)10806012
797 2# - LOCAL ADDED ENTRY--CORPORATE NAME (RLIN)
Corporate name or jurisdiction name as entry element ebrary.
856 40 - ELECTRONIC LOCATION AND ACCESS
Uniform Resource Identifier <a href="http://site.ebrary.com/lib/rucke/Doc?id=10806012">http://site.ebrary.com/lib/rucke/Doc?id=10806012</a>
Public note An electronic book accessible through the World Wide Web; click to view

No items available.

© 2026 Rongo University
Contact us: librarian | system librarian | Rongo university